00487nam a22001577a 450000500170000001000150001702000260003203500140005803700130007208200100008510000200009524500820011526000410019727000710023830000200030920181224120109.0 aENG-119028 a9789384535230c499.00 aEN-102560 bDBAD/PUB a371.3 aBaghel, Hemlata aDifferent prespective in education /cby Hemlata Baghel [and] Hemlata Dinkar  aBhopalbIndra Publishing Housec2015 aE-5/21, Area Colony, Habibganj Police Station RoadbBhopale462016 a98p.c21cm(pbk)